000 00763nam a2200205Ia 4500
005 20260121110119.0
008 008 260114s9999 xx 000 0 hin d
020 _a9788132358329
037 _aEBOOK
040 _aCRL
_bhin
_cCRL
041 _ahin
_2hin
084 _qCRL
100 _aजन्नत लियाकत / Jannat Liyakat
_9942215
245 0 _aप्राचीन भारतीय राजवंश: उत्पत्ति, उत्कर्ष एवं पतन / Prachin Bhartiya Rajvansh: Utpatti, Utkarsh aur Patan
260 _bभाषा प्रकाशन / Bhasha Prakashan
_c2021
856 _uhttps://bhashaprakashan.com/product-details/378973
942 _cEBOOK
999 _c1533880
_d1533880